000 00516nam a2200193Ia 4500
005 20250326141833.0
008 250326s9999 xx 000 0 und d
020 _a0 434 90394 9
037 _aTextbook
040 _aFMSL
_beng
_cFMSL
041 _aeng
_2eng
084 _aX:8 M6;1
_qFMSL
100 _aDrucker P F
_9735093
245 0 _aFrontiers of management
_cDrucker P F
260 _aLondon
_bLondon, Heinemann
_c1986
300 _a379p
942 _cTB
_hX:8 M6;1
999 _c1292212
_d1292212